| 000 | 01496nam a2200181Ia 4500 | ||
|---|---|---|---|
| 008 | 220216s9999 xx 000 0 und d | ||
| 100 | _aJayaratne R | ||
| 245 | 0 | _aEconomical and less hazardous fungicide for the management of white root disease | |
| 260 | _bProceedings of the Asian International Mycological Congress, 1996, Japan, p3-15 (Reprint) | ||
| 520 | _aRigidoporus lignosus, the casual agent of white root disease is the most destructive root pathogen of Hevea brasiliensis in Sri Lanka. Presently 5-8;of the cultivated lands are affected with this deadly disease and are underr bare patches. The recommended fungicides in Sri Lanka, Pentachloro nitrobenzene (PCNB) and Pentachlprp phenol (PCP), were prohibited due to high mammalian toxicity and the fungicides of the triazole family which are being recommended in other countries such as Malaysia and Ivory Coast are not acceptable to Sri Lanka rubber growers due to the high costs of these chemicals. The observations of experiments carried out with less toxic chemicals revealed that 8-10;phenol in bituminous base could be used as an effective fungicidal Collar protectant in the management of white root disease in Sri Lanka. In this paper the economics and the toxicological impact on the environment are also discussed. | ||
| 650 | _aFungicide | ||
| 650 | _aHevea brasiliensis | ||
| 650 | _aRigidoporus lignosus | ||
| 650 | _aWhite root disease | ||
| 700 | _aJayasinghe C K | ||
| 700 | _aWettasinghe P C | ||
| 942 | _cJS | ||
| 999 |
_c57609 _d57609 |
||